00248nam a2200097Ia 4500008004100000100002400041245003200065250000800097260003700105300000800142191201s2016 xx 000 0 und d aKANETKAR, Yashavant 0aUnderstanding Pointers in C aRep c2016bBPB PublicationaNEW DELHI a539